| 000 | 00446 a2200169 4500 | ||
|---|---|---|---|
| 005 | 20260506115324.0 | ||
| 008 | 260506b |||||||| |||| 00| 0 eng d | ||
| 020 | _a9789392209871 | ||
| 040 | _cSDCL | ||
| 041 |
_2eng _aeng |
||
| 084 | _aV2'P R3 LR | ||
| 100 |
_aDevasahayam, M.G. _91238616 |
||
| 245 |
_aArc Of Governance : _bThe Flavour Of New India |
||
| 260 |
_aNoida : _bBlueone Ink, _c2023. |
||
| 300 | _axii, 291p. | ||
| 942 |
_cGB _2CC |
||
| 999 |
_c1850996 _d1850996 |
||